| 000 | 00427nam a2200181Ia 4500 | ||
|---|---|---|---|
| 003 | GCL | ||
| 008 | 140319s9999 xx 000 0 eng d | ||
| 040 |
_aGCL / _cGCL |
||
| 082 | 0 | 4 |
_a709.51 _bM C |
| 100 | 1 | _aMACKENZIE, FINLAY | |
| 245 | 1 | 0 |
_aCHINESE ART / _cMACKENZIE, FINLAY |
| 260 |
_a[S.N] : _bSPRING BOOK ، _c1961 |
||
| 300 | _a88 P | ||
| 650 | 0 | 4 | _aART, CHINA |
| 650 | 0 | 4 | _aARTS |
| 650 | 0 | 4 | _aCHINA |
| 942 |
_2ddc _cBK |
||
| 999 |
_c19382 _d19382 |
||